[Event "Helsingor Xtracon op"]
[Site "Helsingor"]
[Date "2019.07.24"]
[Round "6"]
[White "Meurman, Arne"]
[Black "Vehl, Tina"]
[Result "1-0"]
[WhiteElo "2014"]
[BlackElo "1823"]
[PlyCount "87"]
[EventDate "2019.07.20"]
[EventType "swiss"]
[EventRounds "10"]
[EventCountry "DEN"]
[SourceTitle "CBM 191 Extra"]
[Source "ChessBase"]
[SourceDate "2019.09.30"]
[SourceVersion "1"]
[SourceVersionDate "2019.09.30"]
[SourceQuality "1"]

1. e4 c5 2. Nf3 d6 3. d4 cxd4 4. Nxd4 Nf6 5. Nc3 a6 6. f4 e5 7. Nf3 Qc7 8. a4 Be7 9. Bd3 Be6 10. 0-0 Nbd7 11. Kh1 Nc5 12. Qe1 Nxd3 13. cxd3 Qa5 14. Bd2 Qb6 15. Be3 Qa5 16. Bd2 Qb6 17. fxe5 dxe5 18. Nxe5 Qd4 19. Bf4 Rd8 20. Rd1 Bb3 21. Nf3 Qd7 22. Rd2 Bb4 23. d4 0-0 24. Bg5 Be7 25. d5 h6 26. Bh4 Bc4 27. Rg1 Qe8 28. Nd4 Nh7 29. b3 g5 30. Bg3 Bxb3 31. Nxb3 Bb4 32. Qe3 f5 33. Qd4 Bxc3 34. Qxc3 f4 35. Bf2 Qxe4 36. Nc5 Qe7 37. Re1 Qf7 38. d6 Nf6 39. Re7 Nd5 40. Rxf7 Nxc3 41. Rxf8+ Rxf8 42. d7 Rd8 43. Nxb7 Ne4 44. Nxd8 1-0

[Event "Helsingor Xtracon op"]
[Site "Helsingor"]
[Date "2019.07.21"]
[Round "2"]
[White "Meurman, Arne"]
[Black "Berg, Klaus"]
[Result "0-1"]
[WhiteElo "2014"]
[BlackElo "2295"]
[PlyCount "114"]
[EventDate "2019.07.20"]
[EventType "swiss"]
[EventRounds "10"]
[EventCountry "DEN"]
[SourceTitle "CBM 191 Extra"]
[Source "ChessBase"]
[SourceDate "2019.09.30"]
[SourceVersion "1"]
[SourceVersionDate "2019.09.30"]
[SourceQuality "1"]

1. e4 d5 2. exd5 Qxd5 3. Nc3 Qa5 4. d4 c6 5. Nf3 Bf5 6. Ne5 Nf6 7. g4 Be6 8. f3 Nbd7 9. Nc4 Bxc4 10. Bxc4 e5 11. Bd2 exd4 12. Nd5 Qd8 13. Qe2+ Be7 14. Nxe7 Qxe7 15. Qxe7+ Kxe7 16. g5 Nh5 17. c3 Ne5 18. Be2 d3 19. f4 dxe2 20. fxe5 Rhd8 21. Kxe2 Rd5 22. Rae1 Re8 23. Bc1 Kd7 24. Kf3 Rexe5 25. Rxe5 Rxe5 26. Be3 g6 27. Rg1 Rf5+ 28. Kg4 Ra5 29. a3 Ng7 30. Rd1+ Kc8 31. Rd2 Nf5 32. Bf2 b6 33. Kf3 Re5 34. Kf4 Re6 35. a4 h5 36. gxh6 Nxh6 37. a5 c5 38. b4 cxb4 39. cxb4 Nf5 40. Rc2+ Kb7 41. b5 bxa5 42. Ra2 Nd6 43. Rxa5 Rf6+ 44. Ke5 Rxf2 45. Kxd6 Rxh2 46. Kc5 Rh5+ 47. Kb4 Rf5 48. Ra1 g5 49. Rd1 g4 50. Rd4 Rg5 51. Rd7+ Kb6 52. Rxf7 g3 53. Rf6+ Kc7 54. Rf7+ Kd6 55. Rf1 g2 56. Rg1 Kd5 57. Ka5 Rg6 0-1

[Event "Helsingor Xtracon op"]
[Site "Helsingor"]
[Date "2017.07.29"]
[Round "9"]
[White "Meurman, Arne"]
[Black "Madison, Sigurd"]
[Result "1-0"]
[WhiteElo "1980"]
[BlackElo "1736"]
[PlyCount "95"]
[EventDate "2017.07.22"]
[EventType "swiss"]
[EventRounds "10"]
[EventCountry "DEN"]
[SourceTitle "CBM 179 Extra"]
[Source "ChessBase"]
[SourceDate "2017.08.23"]
[SourceVersion "1"]
[SourceVersionDate "2017.08.23"]
[SourceQuality "1"]

1. e4 e5 2. Nf3 Nc6 3. Bb5 a6 4. Ba4 d6 5. 0-0 Bg4 6. c3 b5 7. Bb3 Na5 8. Bc2 c5 9. Re1 Nc6 10. d3 Be7 11. Nbd2 Bf6 12. Nf1 Nge7 13. h3 Bh5 14. g4 Qd7 15. gxh5 Qxh3 16. N3h2 g6 17. h6 Ng8 18. Qg4 Qxg4+ 19. Nxg4 Be7 20. Nfe3 0-0-0 21. Bb3 Rf8 22. Rf1 Kb7 23. Nd5 f5 24. Nxe7 Ncxe7 25. Nh2 f4 26. Ng4 Nf6 27. Nxf6 Rxf6 28. Kg2 g5 29. Rh1 Ng6 30. Rh5 g4 31. Bd5+ Kb6 32. a4 Ne7 33. Bb3 Rhf8 34. axb5 axb5 35. Bd2 g3 36. Rah1 Rg6 37. Kf3 Kc6 38. Be1 Rb8 39. R5h3 c4 40. Bc2 Rf8 41. d4 Ng8 42. fxg3 fxg3+ 43. Kg2 exd4 44. cxd4 Ra8 45. Rxg3 Rxh6 46. d5+ Kd7 47. Rg7+ Ne7 48. Rxh6 1-0

[Event "Helsingor Xtracon op"]
[Site "Helsingor"]
[Date "2017.07.27"]
[Round "7"]
[White "Meurman, Arne"]
[Black "Lindgaard, Tobias Simon"]
[Result "1-0"]
[WhiteElo "1980"]
[BlackElo "1705"]
[PlyCount "41"]
[EventDate "2017.07.22"]
[EventType "swiss"]
[EventRounds "10"]
[EventCountry "DEN"]
[SourceTitle "CBM 179 Extra"]
[Source "ChessBase"]
[SourceDate "2017.08.23"]
[SourceVersion "1"]
[SourceVersionDate "2017.08.23"]
[SourceQuality "1"]

1. e4 Nc6 2. Nf3 e5 3. Bb5 Nge7 4. Nc3 g6 5. d3 h6 6. Be3 Bg7 7. d4 a6 8. Bc4 0-0 9. Nxe5 Nxe5 10. dxe5 Bxe5 11. Bxh6 Re8 12. Qf3 d5 13. 0-0-0 Qd6 14. Nxd5 Qc6 15. Bb3 a5 16. Nxe7+ Rxe7 17. Rd8+ Kh7 18. Bg5 f6 19. Rxc8 Rxc8 20. Qh3+ Kg7 21. Qh6# 1-0

[Event "Helsingor Xtracon op"]
[Site "Helsingor"]
[Date "2017.07.23"]
[Round "2"]
[White "Stojanovski, Sandi"]
[Black "Meurman, Arne"]
[Result "1-0"]
[WhiteElo "2268"]
[BlackElo "1980"]
[PlyCount "75"]
[EventDate "2017.07.22"]
[EventType "swiss"]
[EventRounds "10"]
[EventCountry "DEN"]
[SourceTitle "CBM 179 Extra"]
[Source "ChessBase"]
[SourceDate "2017.08.23"]
[SourceVersion "1"]
[SourceVersionDate "2017.08.23"]
[SourceQuality "1"]

1. c4 c5 2. g3 Nf6 3. Bg2 d5 4. cxd5 Nxd5 5. Nc3 Nc7 6. Nf3 Nc6 7. 0-0 e5 8. a3 f6 9. Rb1 Be7 10. b4 0-0 11. bxc5 Bxc5 12. e3 Kh8 13. d4 exd4 14. Na4 Be7 15. Nxd4 Na5 16. Qd2 Ne6 17. Nb5 a6 18. Qxd8 Rxd8 19. Nb6 Rb8 20. Na7 Bd7 21. Bd2 Bb5 22. Bxa5 Bxf1 23. Kxf1 Rd3 24. Nd5 Bxa3 25. Be4 Nc5 26. Bxd3 Nxd3 27. Rb3 Bc5 28. Rxd3 Bxa7 29. Nb6 Kg8 30. Rd7 h6 31. h4 h5 32. Ke2 Kh7 33. e4 Re8 34. Kf3 Re5 35. Rxb7 Bxb6 36. Bxb6 Rb5 37. Rb8 a5 38. Ba7 1-0

[Event "Deltalift op"]
[Site "Tylosand"]
[Date "2017.05.25"]
[Round "4"]
[White "Meurman, Arne"]
[Black "Blomstrom, Lars"]
[Result "1-0"]
[WhiteElo "1992"]
[BlackElo "2166"]
[PlyCount "109"]
[EventDate "2017.05.25"]
[EventType "swiss"]
[EventRounds "8"]
[EventCountry "SWE"]
[SourceTitle "CBM 178 Extra"]
[Source "ChessBase"]
[SourceDate "2017.06.22"]
[SourceVersion "1"]
[SourceVersionDate "2017.06.22"]
[SourceQuality "1"]

1. e4 e5 2. Nf3 Nc6 3. Bb5 a6 4. Ba4 Nf6 5. Qe2 d6 6. Bxc6+ bxc6 7. c4 Be7 8. Nc3 0-0 9. 0-0 Nd7 10. d4 Bf6 11. d5 c5 12. Ne1 Re8 13. Nd3 a5 14. b3 Nb6 15. Be3 Bg5 16. Rab1 Rf8 17. f3 Bxe3+ 18. Qxe3 Bd7 19. Qd2 Qe7 20. Ne1 f5 21. exf5 Bxf5 22. Nc2 Nd7 23. Rbe1 Bxc2 24. Qxc2 Qg5 25. Nb5 Qd8 26. Qe4 Rf7 27. Qg4 a4 28. f4 axb3 29. axb3 exf4 30. Rxf4 Rxf4 31. Qxf4 Ne5 32. Rf1 Ra2 33. Nxc7 h6 34. Ne6 Qe7 35. Qe4 g6 36. Rf8+ Kh7 37. h3 Qb7 38. Rd8 Qe7 39. Rc8 Qf6 40. Rf8 Qe7 41. Kh2 Rb2 42. Qe3 Qh4 43. Rf4 Qe7 44. Nxc5 dxc5 45. Re4 Qd6 46. Rxe5 Rxb3 47. Qf4 Rb7 48. Qg3 Rb3 49. Re3 Qxg3+ 50. Rxg3 Rb6 51. Re3 Kg7 52. Re7+ Kf6 53. Rc7 Kf5 54. Rxc5 Kf4 55. Rc6 1-0

[Event "Lund op"]
[Site "Lund"]
[Date "2017.02.07"]
[Round "1"]
[White "Meurman, Arne"]
[Black "Drapic, Haris"]
[Result "1/2-1/2"]
[WhiteElo "2027"]
[BlackElo "1655"]
[PlyCount "83"]
[EventDate "2017.02.07"]
[EventType "swiss"]
[EventRounds "7"]
[EventCountry "SWE"]
[SourceTitle "EXT 2019"]
[Source "ChessBase"]
[SourceDate "2018.10.10"]
[SourceVersion "1"]
[SourceVersionDate "2018.10.10"]
[SourceQuality "1"]

1. e4 c5 2. Nc3 Nc6 3. g3 Nf6 4. Bg2 g6 5. d3 Bg7 6. Nh3 d6 7. 0-0 0-0 8. f3 e5 9. Be3 Bd7 10. Qd2 Qc8 11. Nf2 Be6 12. Bh6 Qd7 13. Bxg7 Kxg7 14. Ncd1 d5 15. exd5 Nxd5 16. Ne3 f5 17. Rfe1 Rae8 18. Nc4 Bf7 19. a4 Re7 20. Nd1 Rfe8 21. Nc3 Nxc3 22. Qxc3 Bxc4 23. Qxc4 Qd4+ 24. Qxd4 exd4 25. Rxe7+ Rxe7 26. Kf2 Nb4 27. Rc1 b6 28. Bf1 Na2 29. Rd1 Nb4 30. Rd2 Nd5 31. f4 Ne3 32. Be2 Kf6 33. h3 h5 34. Bf3 Rc7 35. c4 a5 36. Kg1 Rh7 37. Re2 Rc7 38. Re1 Rh7 39. Kf2 Rc7 40. Rc1 Ke6 41. Rh1 Kf6 42. Rc1 1/2-1/2

[Event "Lund Lask op"]
[Site "Lund"]
[Date "2016.12.06"]
[Round "7"]
[White "Meurman, Arne"]
[Black "Malmqvist, Glenn"]
[Result "1-0"]
[WhiteElo "2052"]
[BlackElo "2084"]
[PlyCount "97"]
[EventDate "2016.10.04"]
[EventType "swiss"]
[EventRounds "7"]
[EventCountry "SWE"]
[SourceTitle "EXT 2019"]
[Source "ChessBase"]
[SourceDate "2018.10.10"]
[SourceVersion "1"]
[SourceVersionDate "2018.10.10"]
[SourceQuality "1"]

1. e4 c5 2. Nf3 d6 3. d4 cxd4 4. Nxd4 Nf6 5. Nc3 e5 6. Bb5+ Nbd7 7. Nf5 a6 8. Bc4 Nb6 9. Ne3 Be7 10. Bb3 0-0 11. 0-0 Be6 12. f3 Bxb3 13. axb3 Rc8 14. Kh1 Qd7 15. Qd3 Rfd8 16. Rd1 Qe6 17. b4 h6 18. b5 axb5 19. Qxb5 Rc6 20. Ned5 Nbd7 21. Qxb7 Rcc8 22. Qb3 Rb8 23. Qa2 Rdc8 24. b4 Nb6 25. Qb3 Nfxd5 26. Nxd5 Nc4 27. Ra6 Bd8 28. Bd2 Qd7 29. Ra2 Qb5 30. Qd3 Kh7 31. Be1 Bb6 32. Rb1 Bd4 33. c3 Bb6 34. Bg3 Rb7 35. h3 g5 36. Qf1 Be3 37. Qe1 Bb6 38. Bf2 Kg6 39. Rd1 Bxf2 40. Qxf2 Nb6 41. Ra5 Qc6 42. Ra6 Rcb8 43. c4 h5 44. Rda1 Qxc4 45. Rxb6 Rxb6 46. Nxb6 Qxb4 47. Nd5 Qb3 48. h4 g4 49. fxg4 1-0

[Event "Helsingor Xtracon op"]
[Site "Helsingor"]
[Date "2016.07.31"]
[Round "10"]
[White "Hartung Nielsen, Jens"]
[Black "Meurman, Arne"]
[Result "1-0"]
[WhiteElo "2194"]
[BlackElo "2035"]
[PlyCount "67"]
[EventDate "2016.07.23"]
[EventType "swiss"]
[EventRounds "10"]
[EventCountry "DEN"]
[SourceTitle "CBM 173 Extra"]
[Source "ChessBase"]
[SourceDate "2016.08.29"]
[SourceVersion "1"]
[SourceVersionDate "2016.08.29"]
[SourceQuality "1"]

1. e4 c5 2. d4 cxd4 3. c3 d3 4. Bxd3 Nc6 5. c4 d6 6. Nc3 e6 7. Nf3 Nf6 8. 0-0 Be7 9. b3 0-0 10. Bb2 e5 11. h3 a6 12. Rc1 Be6 13. Nd5 b6 14. Bb1 Re8 15. Qe2 Bxd5 16. exd5 Nb8 17. Nd2 Nbd7 18. f4 Bf8 19. fxe5 Nxe5 20. Qf2 Ra7 21. Nf3 Nfd7 22. Nd4 g6 23. Rce1 Nc5 24. Nc6 Nxc6 25. dxc6 Rxe1 26. Rxe1 Ne6 27. Be4 Bg7 28. Bd5 Nc5 29. Bxg7 Kxg7 30. Qd4+ Qf6 31. Qxf6+ Kxf6 32. Rf1+ Kg7 33. Rxf7+ Rxf7 34. Bxf7 1-0

[Event "Helsingor Xtracon op"]
[Site "Helsingor"]
[Date "2016.07.27"]
[Round "6"]
[White "Veng, Johny"]
[Black "Meurman, Arne"]
[Result "1-0"]
[WhiteElo "2280"]
[BlackElo "2035"]
[PlyCount "125"]
[EventDate "2016.07.23"]
[EventType "swiss"]
[EventRounds "10"]
[EventCountry "DEN"]
[SourceTitle "CBM 173 Extra"]
[Source "ChessBase"]
[SourceDate "2016.08.29"]
[SourceVersion "1"]
[SourceVersionDate "2016.08.29"]
[SourceQuality "1"]

1. g3 Nf6 2. Bg2 d5 3. Nf3 g6 4. c4 c6 5. Qb3 Qb6 6. d4 Be6 7. c5 Qxb3 8. axb3 Bg7 9. b4 0-0 10. Nc3 Na6 11. b5 Nb4 12. Ra4 a5 13. bxa6 Nxa6 14. Bf4 Nh5 15. Be3 Nc7 16. Rb4 Ra7 17. h3 h6 18. g4 Nf6 19. Bf4 Na6 20. Ra4 Ne4 21. 0-0 f6 22. Rfa1 Nxc3 23. bxc3 Re8 24. e3 Bf7 25. Bf1 e5 26. Bg3 Re7 27. Bxa6 Rxa6 28. Rxa6 bxa6 29. Rxa6 Be8 30. h4 e4 31. Nd2 Rb7 32. c4 Rb2 33. cxd5 cxd5 34. Nf1 Rc2 35. Rd6 Bb5 36. Kg2 Rc1 37. Nh2 Kf7 38. Rxd5 Bf8 39. Rd8 Be7 40. Ra8 Rd1 41. Rb8 Ba4 42. Rb4 Be8 43. Rb7 Ke6 44. Rb6+ Kd5 45. Bd6 Ke6 46. Bf4+ Kf7 47. Rb7 Ke6 48. Bxh6 g5 49. hxg5 fxg5 50. Bg7 Ba4 51. Rb6+ Kf7 52. Be5 Rc1 53. Rh6 Bb5 54. Bd6 Bf6 55. Rh7+ Ke6 56. Rb7 Ba4 57. Rb6 Kf7 58. Bg3 Be7 59. Be5 Rc2 60. Nf1 Rc1 61. Ng3 Bd1 62. Nxe4 Bxg4 63. Bf6 1-0

[Event "Helsingor Xtracon op"]
[Site "Helsingor"]
[Date "2016.07.24"]
[Round "3"]
[White "Meurman, Arne"]
[Black "Gottschalck, Christian"]
[Result "1-0"]
[WhiteElo "2035"]
[BlackElo "1778"]
[PlyCount "61"]
[EventDate "2016.07.23"]
[EventType "swiss"]
[EventRounds "10"]
[EventCountry "DEN"]
[SourceTitle "CBM 173 Extra"]
[Source "ChessBase"]
[SourceDate "2016.08.29"]
[SourceVersion "1"]
[SourceVersionDate "2016.08.29"]
[SourceQuality "1"]

1. e4 d5 2. exd5 Nf6 3. d4 Nxd5 4. Nf3 c6 5. c4 Nf6 6. Nc3 e6 7. Bf4 Bd6 8. Qd2 0-0 9. 0-0-0 Bxf4 10. Qxf4 Na6 11. g4 Qc7 12. Ne5 Nd7 13. Qe3 b5 14. Nxd7 Bxd7 15. c5 Nb4 16. Bd3 Nd5 17. Nxd5 exd5 18. Qf3 Qc8 19. Rhg1 f5 20. g5 g6 21. h4 f4 22. h5 Bf5 23. hxg6 hxg6 24. Rh1 Bxd3 25. Rxd3 Qf5 26. Qh3 Qxh3 27. Rdxh3 Kf7 28. Rh4 Ke6 29. Re1+ Kd7 30. Rh7+ Kd8 31. Re6 1-0

[Event "Politiken Cup 36th"]
[Site "Helsingor"]
[Date "2014.07.27"]
[Round "8"]
[White "Alfven, Jorgen"]
[Black "Meurman, Arne"]
[Result "0-1"]
[WhiteElo "1883"]
[BlackElo "2062"]
[PlyCount "72"]
[EventDate "2014.07.21"]
[EventType "swiss"]
[EventRounds "10"]
[EventCountry "DEN"]
[SourceTitle "CBM 161 Extra"]
[Source "ChessBase"]
[SourceDate "2014.08.29"]
[SourceVersion "1"]
[SourceVersionDate "2014.08.29"]
[SourceQuality "1"]

1. d4 Nf6 2. c4 e6 3. Nf3 d5 4. Nc3 c6 5. Bg5 h6 6. Bh4 dxc4 7. e4 g5 8. Bg3 b5 9. Be2 Bb7 10. h4 g4 11. Ne5 h5 12. 0-0 Nbd7 13. Nxd7 Qxd7 14. Be5 Be7 15. f3 Rg8 16. Qc2 gxf3 17. Bxf3 Ng4 18. Bxg4 Rxg4 19. Rad1 c5 20. d5 Bxh4 21. Bf6 b4 22. Bxh4 Rxh4 23. Qf2 Rg4 24. dxe6 Qxe6 25. Nb5 Kf8 26. Nc7 Qg6 27. Qxc5+ Kg8 28. Rf2 Bxe4 29. Rdd2 Rc8 30. Qe7 c3 31. bxc3 bxc3 32. Rd6 Rxg2+ 33. Kf1 Rg1+ 34. Ke2 Qg4+ 35. Ke3 Re1+ 36. Kd4 Bg6+ 0-1